000 00974nam a22003017a 4500
001 5037
003 FISKH
005 20241204154713.0
008 241101b cb ||||| |||| 00| 0 eng d
020 _a9780545260657
040 _aFISKH
_beng
_cFISKH
_dFISKH
050 _aPZ7.A8483
082 _a363
100 _aAston, Hutts Dianna
_d(1964-)
245 _aAn orange in January /
_cDianna Hutts Aston illustrated by Julie Maren
250 _a2007
260 _aNew York :
_bScholastic,
_c2007.
300 _a31 pages :
_bcolor illustrations ;
_c26 cm
505 _aP
520 _aAn orange begins its life as a blossom where bees feast on the nectar, and reaches the end of its journey, bursting with the seasons inside it, in the hands of a child.
521 8 _a610L
_bLexile
521 8 _aP
_bRaz-Plus
650 _2Picture book
_aWinter
650 _2January
_aFiction
700 _aMaren, Julie
_dIllustrator
942 _2ddc
_cBK
_n0
999 _c5037
_d5037